Conocimiento y usos de gestores bibliográficos en estudiantes de ciencias de la salud de la Corporación Universitaria Rafael Núñez / (Registro nro. 5658)

Detalles MARC
000 -LEADER
fixed length control field 02349nam a2200253 4500
003 - CONTROL NUMBER IDENTIFIER
control field co-ctgcurn
005 - DATE AND TIME OF LATEST TRANSACTION
control field 20250329165504.0
008 - FIXED-LENGTH DATA ELEMENTS--GENERAL INFORMATION
fixed length control field 180403s2024 000 0 eng d
040 ## - CATALOGING SOURCE
Original cataloging agency CO-CtgCURN
Language of cataloging spa
Transcribing agency coctgcurn
082 0# - DEWEY DECIMAL CLASSIFICATION NUMBER
Classification number ODO 2024
Item number M491
100 1# - MAIN ENTRY--PERSONAL NAME
Personal name Medina González, Andrea Carolina.
245 10 - TITLE STATEMENT
Title Conocimiento y usos de gestores bibliográficos en estudiantes de ciencias de la salud de la Corporación Universitaria Rafael Núñez /
Statement of responsibility, etc. Andrea Carolina Medina González; Maryoris Carolina Jaramillo Caro; Yulieth del Carmen Ardila Moya; director: Luis Alberto Castro Larios.
260 ## - PUBLICATION, DISTRIBUTION, ETC.
Place of publication, distribution, etc. Cartagena de Indias :
Name of publisher, distributor, etc. Corporación Universitaria Rafael Nuñez,
Date of publication, distribution, etc. 2024.
300 ## - PHYSICAL DESCRIPTION
Extent 45 hojas.
504 ## - BIBLIOGRAPHY, ETC. NOTE
Bibliography, etc. note Trabajo de grado (Odontología). Corporación Universitaria Rafael Nuñez. Facultad de Ciencias de la Salud. Odontología, 2024.
520 ## - SUMMARY, ETC.
Summary, etc. " La elaboración de trabajos de investigación es una labor cotidiana en los ambientes académicos y durante su preparación es usual que el autor consulte ideas provenientes de otros autores, por lo anterior, es importante que el autor deje claro de cuales ideas son propias y cuáles provienen de otros autores. La mejor manera de lograr este cometido es mediante el uso de referencias bibliográficas. En tiempos pretéritos, referenciar era un gran desafío, sin embargo, hoy día se cuenta con los gestores bibliográficos, herramientas informáticas diseñadas para facilitar la recolección, manipulación, organización y presentación de referencias bibliográficas de diversas fuentes. A pesar de la importancia de documentar adecuadamente la información utilizada en el estudio, se observa una falta de atención por parte de los estudiantes, especialmente en niveles superiores, lo que afecta su habilidad para gestionar información científica de manera efectiva."
650 #0 - SUBJECT ADDED ENTRY--TOPICAL TERM
Topical term or geographic name entry element Odontologia
Form subdivision Tesis y disertaciones academicas.
700 1# - ADDED ENTRY--PERSONAL NAME
Personal name Jaramillo Caro, Maryoris Carolina.
700 1# - ADDED ENTRY--PERSONAL NAME
Personal name Ardila Moya, Yulieth del Carmen.
700 1# - ADDED ENTRY--PERSONAL NAME
Personal name Castro Larios, Luis Alberto,
Relator term director.
856 ## - ELECTRONIC LOCATION AND ACCESS
Uniform Resource Identifier <a href="https://unicurn.sharepoint.com/:b:/s/biblioteca/EXuLxf7BnKVDtSg0OANnJhsBKrLMggWE3Q40zaE7uT0VOA?e=3ayzX8">https://unicurn.sharepoint.com/:b:/s/biblioteca/EXuLxf7BnKVDtSg0OANnJhsBKrLMggWE3Q40zaE7uT0VOA?e=3ayzX8</a>
Public note Click aqui para ver el recurso en texto completo
942 ## - ADDED ENTRY ELEMENTS (KOHA)
Source of classification or shelving scheme Dewey Decimal Classification
Koha item type Trabajos de grado
Classification part ODO 2024
Item part M491
Existencias
Withdrawn status Lost status Source of classification or shelving scheme Damaged status Not for loan Collection Home library Current library Shelving location Date acquired Source of acquisition Cost, normal purchase price Inventory number Total checkouts Full call number Barcode Date last seen Copy number Price effective from Koha item type
    Dewey Decimal Classification     Trabajos de grado Miguel Henríquez Emiliani Miguel Henríquez Emiliani Trabajo de grado 03/29/2025 El autor 350000.00 025153   ODO 2024 M491 025153 10/26/2023 1 10/26/2023 Libros